000 00627nam a2200241Ia 4500
003 OSt
005 20221007101038.0
006 a|||||r|||| 00| 0
007 ta
008 221006b |||||||| |||| 00| 0 eng d
024 _a5,721
037 _cMonograhic Series
040 _aLCO
_cLCO
_beng
041 _2eng
_aeng
082 _aZ2,75,5, K8
100 _aRAJAGOPALAN S
245 0 _aFamous Murder Trails
260 _aBombay
_bTripathi Pvt. Ltd.
_c1968
300 _a404
650 _aMURDER TRAILS
_9702523
942 _hZ2,75,5, K8
_cREF
999 _c1175284
_d1175284